Central Library OPAC University of Rajshahi

গণরাজ্য : (Record no. 59089)

MARC details
000 -LEADER
fixed length control field 00815nam a2200217 a 4500
001 - CONTROL NUMBER
control field 59089
003 - CONTROL NUMBER IDENTIFIER
rucl marc code BD-RjUL
005 - DATE AND TIME OF LATEST TRANSACTION
control field 20211209080707.0
008 - FIXED-LENGTH DATA ELEMENTS--GENERAL INFORMATION
fixed length control field 161221s1975 ii ||||| |||| 00| 0 ben d
035 ## - SYSTEM CONTROL NUMBER
System control number (BD-RjUL)59213
040 ## - CATALOGING SOURCE
Original cataloging agency BD-RjUL
Language of cataloging ben
Transcribing agency BD-RjUL
041 ## - LANGUAGE CODE
Language code of text/sound track or separate title ben
082 ## - DEWEY DECIMAL CLASSIFICATION NUMBER
Edition number 23
Classification number 321.07
Author mark and year DEG 1975
100 ## - MAIN ENTRY--PERSONAL NAME
Personal name দে, সুধাকান্ত
9 (RLIN) 175731
245 10 - TITLE STATEMENT
Title গণরাজ্য :
Remainder of title Plato;s ''Republic'' (politei) গ্রন্থের অনুবাদ /
Statement of responsibility, etc. সুধাকান্ত দে
260 ## - PUBLICATION, DISTRIBUTION, ETC. (IMPRINT)
Place of publication, distribution, etc. কলিকাতা :
Name of publisher, distributor, etc. পশ্চিমবঙ্গ রাজ্য পুস্তক পর্ষদ,
Date of publication, distribution, etc. ১৯৭৫
300 ## - PHYSICAL DESCRIPTION
Pagination ৩৯৬ পৃ. ;
Size ২৩ সেমি.
600 ## - SUBJECT ADDED ENTRY--PERSONAL NAME
Titles and other words associated with a name গণরাজ্য
650 ## - SUBJECT ADDED ENTRY--TOPICAL TERM
Topical term or geographic name as entry element Republic
9 (RLIN) 175733
942 ## - ADDED ENTRY ELEMENTS (KOHA)
Source of classification or shelving scheme Dewey Decimal Classification
Koha item type Books
Holdings
Lost status Source of classification or shelving scheme Damaged status Not for loan Collection code Permanent Location Current Location Shelving location Date acquired Source of acquisition Cost, normal purchase price Total Checkouts Full call number Date last seen Copy number Koha item type
  Dewey Decimal Classification   Not For Loan Non-fiction Central Library, University of Rajshahi Central Library, University of Rajshahi Reading Room 31/10/1980 Uttar Bongo Library, Rajshahi 14.00   B 321.07 DEG 1975 21/12/2016 C-1 Books
  Dewey Decimal Classification     Non-fiction Central Library, University of Rajshahi Central Library, University of Rajshahi   06/08/1982 Uttar Bongo Library, Rajshahi 14.00   B 321.07 DEG 1975 30/01/2017 C-2 Books